000 00594nam a2200193Ia 4500
003 OSt
005 20230607105142.0
008 210423s1995 xx 000 0 und d
040 _cAL
041 _aeng
082 _a307.76
_bGOIP
_223
245 _aPublic private partnership towards meeting the challenges of urban development
260 _aIndia
_bGovernment Of India
_c1995
365 _cINR
650 _aSociology
_9121219
650 _aUrban Communities
_9121220
906 _achallenges ; development ; meeting ; partnership ; private ; Public ; towards ; urban
942 _2ddc
_cBK
999 _c174995
_d174995